| 000 | 01763cam a2200157 4500500 | ||
|---|---|---|---|
| 005 | 20260208005841.0 | ||
| 041 | _afre | ||
| 042 | _adc | ||
| 100 | 1 | 0 |
_aMarchal, Bertrand _eauthor |
| 245 | 0 | 0 | _aMARIE KRYSINSKA, Rythmes pittoresques. Édition critique établie par SETH WHIDDEN. University of Exeter Press, 2003. Un vol. de 177 p. |
| 260 | _c2006. | ||
| 500 | _a40 | ||
| 520 | _aFougeret de Monbron à la Bastille, et dans ses archives Fougeret de Monbron a séjourné deux fois dans les prisons de Louis XV et notamment à la Bastille du 12 avril au 25 septembre 1755. Sa présence dans la forteresse a donné naissance à un certain nombre de documents dispersés et partiellement reproduits. On propose une mise au point, de nouvelles transcriptions et la publication des derniers inédits. Les archives de la Bastille fournissent des informations sur la vie du prisonnier et permettent de préciser le profil d’un homme de lettres à la singularité très accusée. L’examen plus particulier de la « bibliothèque de voyage » saisie lors de son arrestation donne de précieuses indications pour compléter la bibliographie de l’écrivain cosmopolite, amateur de littérature étrangère et sans doute traducteur de l’anglais. Les archives permettent aussi de dénouer certaines confusions tissées entre la biographie de Fougeret et celle d’un autre prisonnier de la Bastille, Louis-Joseph de La Rochegérault. Il faut rendre à ce dernier La Voie des persécutés régulièrement donné au premier. | ||
| 786 | 0 | _nRevue d'histoire littéraire de la France | 106 | 1 | 2006-02-01 | p. 167zb-236zb | 0035-2411 | |
| 856 | 4 | 1 | _uhttps://shs.cairn.info/revue-d-histoire-litteraire-de-la-france-2006-1-page-167zb?lang=fr&redirect-ssocas=7080 |
| 999 |
_c1654100 _d1654100 |
||